Les plus gros transfert du foot - Statistiques

Statistiques générales
  • Ce quiz a été pris 10 627 fois
    631 depuis la dernière actualisation
  • Le résultat moyen est 27 sur 70
Statistiques - réponses
Clubs Prix en M€ Joueur % Correct
PSG 222 Neymar
100%
Al-Hilal 90 Neymar
100%
Barcelone 88 Neymar
100%
PSG 180 Kylian Mbappé
98%
Juventus 117 Cristiano Ronaldo
89%
Real Madrid 94 Cristiano Ronaldo
89%
Barcelone 120 Antoine Griezmann
85%
Barcelone 148 Ousmane Dembélé
82%
Barcelone 135 Philippe Coutinho
82%
Liverpool 144 Alexander Isak
73%
Newcastle 77.5 Alexander Isak
73%
Liverpool 125 Florian Wirtz
72%
Atlético 127.2 Joao Félix
62%
Man United 105 Paul Pogba
60%
Real Madrid 127 Jude Bellingham
57%
Real Madrid 120,8 Eden Hazard
55%
Chelsea 121 Enzo Fernandez
55%
Liverpool 95 Hugo Ekitiké
49%
Chelsea 116 Moisés Caicedo
48%
Bayern 95 Harry Kane
47%
Arsenal 116,6 Declan Rice
43%
Chelsea 113 Romelu Lukaku
43%
Man United 84,7 Romelu Lukaku
43%
Inter Milan 74 Romelu Lukaku
43%
Real Madrid 101 Gareth Bale
42%
Man City 117,5 Jack Grealish
42%
Liverpool 84,65 Virgil van Dijk
42%
Real Madrid 77,5 Zinédine Zidane
42%
PSG 95 Randal Kolo Muani
39%
Naples 78.9 Victor Osimhen
38%
Galatasaray 75 Victor Osimhen
38%
Atlético 75 Julian Alvarez
36%
Real Madrid 80 Aurélien Tchouaméni
34%
Man United 87 Harry Maguire
34%
Barcelone 81,72 Luis Suarez
33%
Man City 76 Kevin De Bruyne
30%
Man City 70 Rodri
28%
Bayern 70 Luis Díaz
24%
Chelsea 80 Kepa Arrizabalaga
23%
Chelsea 70 Mykhaïlo Mudryk
23%
Man United 75 Bryan Mbeumo
22%
Juventus 90 Gonzalo Higuain
22%
Chelsea 100 Kai Havertz
22%
Arsenal 75 Kai Havertz
22%
Barcelone 86 Frenkie de Jong
21%
Man City 71,6 Ruben Dias
21%
Man United 75 Angel Di Maria
20%
Juventus 83,5 Dusan Vlahovic
20%
Liverpool 72.5 Alisson
19%
Man United 95 Antony
18%
Man United 76.5 Benjamin Sesko
18%
Liverpool 85 Darwin Nunez
18%
Bayern 80 Lucas Hernandez
18%
Juventus 85,5 Matthijs de Ligt
18%
Newcastle 85 Nick Woltemade
18%
Man City 90 Josko Gvardiol
17%
Man United 70,65 Casemiro
16%
Man United 74.2 Matheus Cunha
16%
Juventus 80,6 Arthur Melo
15%
Man United 85 Jadon Sancho
14%
Arsenal 80 Nicolas Pépé
14%
Chelsea 80,4 Wesley Fofana
14%
PSG 70 Khvicha Kvaratskhelia
13%
Real Madrid 75 James Rodriguez
11%
Al-Nassr 77 Jhon Durán
11%
Man City 75 Omar Marmoush
11%
Atlético 72 Thomas Lemar
11%
Man United 77.8 Rasmus Højlund
10%
Arsenal 70 Martín Zubimendi
8%
Liverpool 70 Dominik Szoboszlai
6%
Aucun quiz correspondant
Distribution des résultats
% des personnes avec chaque résultat
Percentile par nombre de réponses
Votre historique - résultats
Vous n’avez pas pris ce quiz depuis la dernière actualisation